000 00298nam a22001337a 4500
008 171108b xxu||||| |||| 00| 0 eng d
020 _a0070659168
041 _aeng
080 _a330.322
100 _a64
101 _aINV
245 _aHOW TO INVEST IN REAL ESTATE
_cUNGER,M.A
942 _2udc
_cBK
999 _c38189
_d38189